Faculty of Law Library — Cairo University

Official Online Catalog

International law and the use of force : (Record no. 62357)

MARC details
000 -LEADER
fixed length control field 01094cam a22003254a 4500
003 - CONTROL NUMBER IDENTIFIER
control field EG-GICUC
005 - DATE AND TIME OF LATEST TRANSACTION
control field 20260210101312.0
008 - FIXED-LENGTH DATA ELEMENTS--GENERAL INFORMATION
fixed length control field 050510s2005 nyu fr 001 0 eng d
020 ## - INTERNATIONAL STANDARD BOOK NUMBER
International Standard Book Number 1587787814
020 ## - INTERNATIONAL STANDARD BOOK NUMBER
International Standard Book Number 9781587787812
040 ## - CATALOGING SOURCE
Original cataloging agency DLC
Transcribing agency DLC
Modifying agency DLC
-- EG-GICUC
Language of cataloging eng
Description conventions rda
050 00 - LIBRARY OF CONGRESS CALL NUMBER
Classification number KZ6374
Item number .O226 2005
082 00 - DEWEY DECIMAL CLASSIFICATION NUMBER
Classification number 341.6
Edition number 21
092 04 - LOCALLY ASSIGNED DEWEY CALL NUMBER (OCLC)
Edition number 21
099 ## - LOCAL FREE-TEXT CALL NUMBER (OCLC)
Classification number Law 11 2005
100 1# - MAIN ENTRY--PERSONAL NAME
Personal name O'Connell, Mary Ellen,
Dates associated with a name 1958-
245 10 - TITLE STATEMENT
Title International law and the use of force :
Remainder of title cases and materials /
Statement of responsibility, etc. by Mary Ellen O'Connell.
264 ## - PRODUCTION, PUBLICATION, DISTRIBUTION, MANUFACTURE, AND COPYRIGHT NOTICE
Place of production, publication, distribution, manufacture New York :
Name of producer, publisher, distributor, manufacturer Foundation Press/Thomson West,
Date of production, publication, distribution, manufacture, or copyright notice 2005.
300 ## - PHYSICAL DESCRIPTION
Extent xxv, 618 pages ;
Dimensions 27 cm. +
Accompanying material teacher's manual (150 page ; 26 cm.)
336 ## - CONTENT TYPE
Content type term text
Source rdacontent
337 ## - MEDIA TYPE
Media type term Computer
Source rdamedia
338 ## - CARRIER TYPE
Carrier type term Online Resource
Source rdacarrier
440 #0 - SERIES STATEMENT/ADDED ENTRY--TITLE
Title University casebook series
500 ## - GENERAL NOTE
General note Includes index.
650 #0 - SUBJECT ADDED ENTRY--TOPICAL TERM
Topical term or geographic name entry element Intervention (International law)
Form subdivision Cases.
650 #0 - SUBJECT ADDED ENTRY--TOPICAL TERM
Topical term or geographic name entry element Aggression (International law)
Form subdivision Cases.
856 40 - ELECTRONIC LOCATION AND ACCESS
Uniform Resource Identifier <a href="https://fll.law.cu.edu.eg/fulltext/bks/9781587787812.pdf">https://fll.law.cu.edu.eg/fulltext/bks/9781587787812.pdf</a>
905 ## - Cataloger and Reviser Names
Cataloger Name: Hend El khosy
942 ## - ADDED ENTRY ELEMENTS (KOHA)
Source of classification or shelving scheme Dewey Decimal Classification
Koha item type Books
Edition 21
Suppress in OPAC No
Holdings
Withdrawn status Lost status Source of classification or shelving scheme Damaged status Not for loan Collection Home library Current library Date acquired Total checkouts Full call number Barcode Date last seen Copy number Price effective from Koha item type Public note
    Dewey Decimal Classification     القانون الدولي العام جــــامعة القــاهرة مكتبة كلية الحقوق - فـرع الشيخ زايد 10.02.2026   Law2 11 341.6 OC . I 2005 110059 C1 ENGB11-00059 10.02.2026 1 10.02.2026 Books 2296

© All rights reserved — Faculty of Law, Cairo University